[Event "Sparkassen Open A"]
[Site "Dortmund GER"]
[Date "2011.07.25"]
[Round "3.11"]
[White "Schmidt, Kai-Uwe"]
[Black "Pueschel, Werner"]
[Result "0-1"]
[WhiteElo "2050"]
[BlackElo "2163"]
[WhiteFideId "4608755"]
[BlackFideId "4647025"]
[EventDate "2011.07.23"]

1. d4 Nf6 2. c4 c5 3. d5 e6 4. Nc3 exd5 5. cxd5 d6 6. e4 g6 7. Nf3 Bg7 8. h3 O-O
9. Bd3 a6 10. a4 Re8 11. O-O Nbd7 12. Bf4 Qc7 13. Re1 Nh5 14. Bh2 c4 15. Be2 Rb8
16. Rc1 b5 17. axb5 axb5 18. Nd4 Ba6 19. Bxh5 gxh5 20. Nf5 Ne5 21. Re3 Bc8 22.
Nxg7 Kxg7 23. Bxe5+ Rxe5 24. Rg3+ Kh8 25. f4 Qb6+ 26. Kh1 h4 27. fxe5 hxg3 28.
exd6 Qxd6 29. Qd4+ f6 30. Ne2 Bd7 31. Rf1 Kg7 32. Rf3 Re8 33. Nxg3 Re5 34. Nf1
Rg5 35. Nd2 h5 36. Re3 Qf4 37. Nf3 Rg3 38. Qa7 Kh6 39. Qa3 b4 40. Qa7 Bxh3 41.
Re2 Bxg2+ 42. Rxg2 Qxf3 43. Qf2 Rh3+ 44. Kg1 Qd1+ 0-1

[Event "Sparkassen Open A"]
[Site "Dortmund GER"]
[Date "2011.07.25"]
[Round "3.12"]
[White "Zwielich, Frank"]
[Black "Kirsanova, Ekaterina"]
[Result "0-1"]
[BlackTitle "WFM"]
[WhiteElo "2056"]
[BlackElo "2157"]
[WhiteFideId "12916846"]
[BlackFideId "4168810"]
[EventDate "2011.07.23"]

1. d4 d5 2. Nf3 Nf6 3. Bf4 g6 4. e3 Bg7 5. c4 O-O 6. Nc3 c5 7. dxc5 Qa5 8. Rc1
dxc4 9. Bxc4 Nc6 10. O-O Qxc5 11. Bb3 Qa5 12. h3 Bf5 13. Qe2 e5 14. Bh2 Rad8 15.
Rfd1 h6 16. e4 Bc8 17. Nd5 Rfe8 18. Nxf6+ Bxf6 19. Rxd8 Qxd8 20. Rd1 Qe7 21. Qd2
Kg7 22. Qd6 Nd4 23. Qxe7 Nxf3+ 24. gxf3 Rxe7 25. Kg2 b6 26. Bd5 Bg5 27. Rd3 Ba6
28. Rc3 f5 29. h4 Bxh4 30. f4 exf4 31. Bxf4 fxe4 32. Bd6 Rd7 33. Be5+ Bf6 34.
Bxf6+ Kxf6 35. Bxe4 Bb7 36. Bxb7 Rxb7 37. Rc6+ Kf5 38. Kf3 Re7 0-1

[Event "Sparkassen Open A"]
[Site "Dortmund GER"]
[Date "2011.07.25"]
[Round "3.14"]
[White "Tran, Duc Cuong"]
[Black "Koke, Christoph"]
[Result "1-0"]
[WhiteElo "1974"]
[BlackElo "2131"]
[WhiteFideId "24689718"]
[BlackFideId "4693213"]
[EventDate "2011.07.23"]

1. d4 Nf6 2. Nf3 e6 3. e3 b6 4. Bd3 Bb7 5. O-O c5 6. c4 Be7 7. Nc3 cxd4 8. exd4
d5 9. cxd5 Nxd5 10. Ne5 O-O 11. Qg4 Nf6 12. Qh4 Nbd7 13. Re1 Ne4 14. Qh3 Ndf6
15. d5 Nxc3 16. bxc3 Qc8 17. Bg5 g6 18. Qh4 Qxc3 19. Bxf6 Bxf6 20. Qxf6 Bxd5 21.
Rac1 Qb2 22. Rc7 Qd4 23. Rec1 Qb2 24. Rb1 Qd4 25. Rxf7 Rxf7 26. Qxf7+ Kh8 27.
Bxg6 1-0

[Event "Sparkassen Open A"]
[Site "Dortmund GER"]
[Date "2011.07.25"]
[Round "3.15"]
[White "Freise, Eckhard"]
[Black "Schiefelbusch, Dirk"]
[Result "0-1"]
[WhiteElo "2032"]
[BlackElo "2128"]
[WhiteFideId "4652193"]
[BlackFideId "4694139"]
[EventDate "2011.07.23"]

1. d4 d5 2. c4 c6 3. Nf3 Nf6 4. Nc3 dxc4 5. a4 Bf5 6. e3 e6 7. Bxc4 Bb4 8. O-O
Nbd7 9. Na2 Be7 10. h3 h6 11. Qe2 Nb6 12. Bb3 a5 13. Nc3 Nbd5 14. Bxd5 exd5 15.
Ne5 O-O 16. g4 Bh7 17. Bd2 Ne4 18. Nxe4 Bxe4 19. f3 Bh7 20. Bc3 Bd6 21. Kg2 Re8
22. Nd3 Qe7 23. Bd2 Qf6 24. Rfe1 Re6 25. Nf2 Qh4 26. Nh1 Bc7 27. Qf2 Qf6 28. Ng3
Rae8 29. Nh5 Qd8 30. Ng3 Qd6 31. Nf1 Bd3 32. Ra3 Bxf1+ 33. Kxf1 Bd8 34. f4 Re4
35. Kg2 Qg6 36. Qg3 R4e7 37. Rc3 Bc7 38. h4 h5 39. g5 Qf5 40. Qf3 g6 41. Kf2 Bd6
42. Rb3 Kg7 43. Bxa5 Qc2+ 0-1

[Event "Sparkassen Open A"]
[Site "Dortmund GER"]
[Date "2011.07.25"]
[Round "3.16"]
[White "Merkel, Markus"]
[Black "Hobusch, Jan"]
[Result "0-1"]
[WhiteElo "2197"]
[BlackElo "1934"]
[WhiteFideId "4675657"]
[BlackFideId "12907634"]
[EventDate "2011.07.23"]

1. Nf3 Nf6 2. g3 d5 3. Bg2 c6 4. b3 Bf5 5. Bb2 e6 6. O-O Be7 7. d3 O-O 8. c4
Nbd7 9. Nbd2 a5 10. a3 Bg6 11. Qc2 h6 12. Bc3 b5 13. cxb5 cxb5 14. b4 axb4 15.
axb4 Qc7 16. Qb2 Nb6 17. Bd4 Na4 18. Qb3 Rfc8 19. Rfb1 Qc2 20. Bc5 Bxc5 21. bxc5
Qxc5 22. Qxb5 Qxb5 23. Rxb5 Nc3 24. Rxa8 Rxa8 25. Nd4 Nxb5 26. Nxb5 Ra2 0-1

[Event "Sparkassen Open A"]
[Site "Dortmund GER"]
[Date "2011.07.25"]
[Round "3.18"]
[White "Fischoeder, Heiko"]
[Black "Rott, Georg"]
[Result "0-1"]
[WhiteElo "1989"]
[BlackElo "2223"]
[WhiteFideId "4692942"]
[BlackFideId "4633393"]
[EventDate "2011.07.23"]

1. e4 e6 2. d4 d5 3. Nd2 c5 4. exd5 Qxd5 5. Ngf3 cxd4 6. Bc4 Qd6 7. O-O Nf6 8.
Nb3 Nc6 9. Nbxd4 Nxd4 10. Qxd4 Bd7 11. Bf4 Qxd4 12. Nxd4 Rc8 13. Be2 Be7 14. Bf3
b6 15. c3 O-O 16. a4 Rc5 17. Rfe1 h6 18. h3 Re8 19. Be5 Nd5 20. Nb5 a6 21. Nd6
Bxd6 22. Bxd6 Rc6 23. Bg3 Rc5 24. Be5 Rc4 25. Bd4 Nb4 26. b3 Rxd4 27. cxd4 Nc2
28. Rac1 Nxe1 29. Rxe1 a5 30. Rc1 Rc8 31. Rxc8+ Bxc8 32. Kf1 Kf8 33. Ke1 Ke7 34.
Kd2 Kd6 35. Kc3 Bd7 36. Be4 f5 37. Bd3 g5 38. g3 e5 39. h4 e4 40. hxg5 hxg5 41.
Bc4 f4 42. gxf4 gxf4 43. Kd2 Ke7 44. Bd5 Bf5 45. Bc4 Kf6 46. Bb5 Be6 47. Bc4 Bd7
48. Bf1 Bc6 49. Bc4 Kf5 50. Ke2 Be8 51. Kd2 Bh5 52. Bd5 Bf3 53. Bc4 Bg2 54. Bb5
Ke6 55. Bc4+ Kd6 56. Ke2 Bf3+ 57. Kd2 Bg4 58. Kc3 Bh3 59. Kd2 Be6 60. Ke2 Bd5
61. Kd2 Bb7 62. Kc3 Bc6 63. Kd2 Ke7 64. Kc3 Kd6 65. Kd2 Bd7 66. Ke2 Bf5 67. Kd2
Ke7 68. Bb5 Kf6 69. Bc4 Kg5 70. Ke2 Kh4 71. Bd5 Kh3 72. Bc6 Kg4 73. Bd5 Kh4 74.
Bc6 Bg4+ 75. f3 Bxf3+ 0-1

[Event "Sparkassen Open A"]
[Site "Dortmund GER"]
[Date "2011.07.25"]
[Round "3.19"]
[White "Baumhackel, Mario"]
[Black "Weber, Martin"]
[Result "1/2-1/2"]
[WhiteElo "2157"]
[BlackElo "2033"]
[WhiteFideId "4636953"]
[BlackFideId "12901369"]
[EventDate "2011.07.23"]

1. d4 Nf6 2. Nf3 h6 3. g3 g5 4. Bg2 Bg7 5. O-O d6 6. c4 Nbd7 7. Qc2 O-O 8. Nc3
c6 9. b3 Rb8 10. Rd1 b5 11. cxb5 cxb5 12. h4 g4 13. Ne1 Qc7 14. Bb2 b4 15. Nd5
Nxd5 16. Bxd5 Qxc2 17. Nxc2 e6 18. Bg2 e5 19. Rac1 Ba6 20. Bf1 Rfc8 21. Ne1 Nf6
22. e3 Bxf1 23. Kxf1 Nd5 24. Nd3 a5 25. Rxc8+ Rxc8 26. Rc1 1/2-1/2

[Event "Sparkassen Open A"]
[Site "Dortmund GER"]
[Date "2011.07.25"]
[Round "3.21"]
[White "Beutelhoff, Josef"]
[Black "Mackowiak, Sascha"]
[Result "1-0"]
[WhiteElo "2128"]
[BlackElo "1964"]
[WhiteFideId "4621336"]
[BlackFideId "24619299"]
[EventDate "2011.07.23"]

1. d4 f5 2. c4 Nf6 3. Nc3 g6 4. g3 Bg7 5. Bg2 O-O 6. Nh3 d6 7. d5 Na6 8. Nf4 e5
9. dxe6 c6 10. h4 Nc5 11. h5 gxh5 12. Be3 Qe7 13. Qc2 Bxe6 14. Nxe6 Qxe6 15.
O-O-O Rad8 16. Rh4 Ng4 17. Bg5 Bf6 18. Rxh5 Nxf2 19. Rf1 Bxg5+ 20. Rxg5+ Kh8 21.
Rxf2 Qe3+ 22. Qd2 Qxf2 23. Nd1 Ne4 24. Bxe4 Qc5 25. Qc3+ Qe5 26. Qxe5+ dxe5 27.
Bxf5 h6 28. Rh5 Kg7 29. Ne3 Rf6 30. Bd3 Re6 31. Nf5+ Kf8 32. Be4 Rf6 33. g4 Rg6
34. Nxh6 Rgd6 35. Nf5 Rd1+ 36. Kc2 R1d2+ 37. Kc3 Kf7 38. Bd3 Rd1 39. Ne3 Rg1 40.
Rxe5 Kf6 41. Rf5+ Ke6 42. c5 Rc1+ 43. Kd2 Rg1 44. Kc2 Rg3 45. Bc4+ Kd7 46. Re5
Kc7 47. Re4 Rxe3 48. Rxe3 Rd4 49. Be6 b6 50. cxb6+ axb6 51. g5 1-0

[Event "Sparkassen Open A"]
[Site "Dortmund GER"]
[Date "2011.07.25"]
[Round "3.22"]
[White "Kropp, Andreas Juergen"]
[Black "Hagedorn, Alfons"]
[Result "1/2-1/2"]
[WhiteElo "2126"]
[BlackElo "1958"]
[WhiteFideId "1271711"]
[BlackFideId "24651508"]
[EventDate "2011.07.23"]

1. d4 d5 2. Nf3 Bf5 3. c4 e6 4. Nc3 Nf6 5. Bf4 Bd6 6. Bg3 Nc6 7. e3 dxc4 8. Bxc4
O-O 9. O-O Bg4 10. Be2 Bxg3 1/2-1/2

[Event "Sparkassen Open A"]
[Site "Dortmund GER"]
[Date "2011.07.25"]
[Round "3.24"]
[White "Schorra, Helmut"]
[Black "Henrotte, Nils"]
[Result "1-0"]
[WhiteElo "2110"]
[BlackElo "1951"]
[WhiteFideId "4648692"]
[BlackFideId "12923311"]
[EventDate "2011.07.23"]

1. d4 Nf6 2. Nf3 d5 3. c4 e6 4. Nc3 Nbd7 5. Bg5 Bb4 6. e3 c5 7. cxd5 exd5 8. Qc2
Qa5 9. Bd3 c4 10. Bf5 h6 11. Bxf6 Nxf6 12. Bxc8 Rxc8 13. O-O O-O 14. Ne5 Bd6 15.
f4 b5 16. a3 a6 17. Qf5 Qd8 18. Rf3 Qe7 19. Rg3 Qe6 20. Qc2 Rcd8 21. Rf1 Nd7 22.
f5 Qe8 23. f6 g5 24. Rf5 Bxe5 25. Rfxg5+ Kh8 26. Rh3 Bxh2+ 27. Kxh2 1-0

[Event "Sparkassen Open A"]
[Site "Dortmund GER"]
[Date "2011.07.25"]
[Round "3.25"]
[White "Schmitz, Tim"]
[Black "Begna, Bozidar"]
[Result "0-1"]
[WhiteElo "1934"]
[BlackElo "2102"]
[WhiteFideId "1270221"]
[BlackFideId "4633555"]
[EventDate "2011.07.23"]

1. e4 Nf6 2. e5 Nd5 3. d4 d6 4. c4 Nb6 5. exd6 cxd6 6. Nc3 g6 7. Be3 Bg7 8. Rc1
O-O 9. Nf3 e5 10. dxe5 dxe5 11. Qxd8 Rxd8 12. c5 N6d7 13. Bc4 Nc6 14. Ng5 Rf8
15. a3 Nf6 16. Nce4 Nxe4 17. Nxe4 Nd4 18. O-O Be6 19. Rfe1 Bxc4 20. Rxc4 Rac8
21. f4 b5 22. Rcc1 exf4 23. Bxf4 Ne6 24. Bd6 Rfe8 25. b4 Nd4 26. Bg3 Kf8 27. Nd6
Rxe1+ 28. Rxe1 Ra8 29. Be5 Bxe5 30. Rxe5 a6 31. Kf2 Nc6 32. Re4 g5 33. h4 gxh4
34. Rxh4 Kg7 35. Rf4 Ne5 36. Re4 Nc6 37. Re8 Rxe8 38. Nxe8+ Kf8 39. Nc7 Ke7 40.
Nd5+ Ke6 41. Nc3 Ne5 42. Ne4 Nc4 43. Ke2 Nxa3 44. Kd3 h5 45. Nd2 Kd5 46. Ne4 h4
47. Nf6+ Kc6 48. Ng4 Nc4 49. Kd4 f5 50. Nh6 f4 51. Nf5 f3 52. gxf3 h3 53. Ng3 a5
54. bxa5 Nxa5 55. f4 Nb3+ 56. Kc3 Nxc5 57. f5 h2 58. Nh1 Ne4+ 59. Kd4 Nd6 60. f6
Nf7 61. Ng3 Kd6 62. Nh1 Ke6 63. Kc5 Nd6 0-1

[Event "Sparkassen Open A"]
[Site "Dortmund GER"]
[Date "2011.07.25"]
[Round "3.26"]
[White "Topp, Michael"]
[Black "Ditmas, Hugh"]
[Result "1/2-1/2"]
[WhiteElo "2102"]
[BlackElo "1912"]
[WhiteFideId "4689445"]
[BlackFideId "1270666"]
[EventDate "2011.07.23"]

1. d4 Nf6 2. c4 e6 3. g3 d5 4. Nf3 c6 5. Bg2 b6 6. O-O Be7 7. Qc2 Bb7 8. Rd1 O-O
9. b3 Nbd7 10. Nc3 Qc7 11. Bf4 Bd6 12. Bxd6 Qxd6 13. e4 Nxe4 14. Nxe4 dxe4 15.
Qxe4 Qc7 16. Ng5 Nf6 17. Qe5 Qd7 18. c5 h6 19. Nf3 Rfd8 20. Rac1 b5 21. Qe2 Nd5
22. Ne5 Qc7 23. Qh5 a5 24. Bxd5 Rxd5 25. Qf3 Rad8 26. Qe4 Ba6 27. a3 b4 28. axb4
axb4 29. Nc4 Bxc4 30. Rxc4 Rb8 31. Qe1 Qd7 32. f4 f6 33. Qe4 e5 34. fxe5 fxe5
35. Ra1 Rxd4 36. Qxe5 Rd1+ 37. Rxd1 Qxd1+ 38. Kg2 Rd8 39. Qe6+ Kh8 40. Rf4 Qd5+
41. Qxd5 Rxd5 42. Rxb4 Rxc5 43. Rc4 Rb5 44. b4 Kg8 45. Kf3 Kf7 46. Ke3 Ke7 47.
Kd3 Kd6 48. Rg4 g5 49. Rd4+ Ke5 50. Re4+ Kd5 51. h4 c5 52. hxg5 hxg5 53. Rg4
Rxb4 54. Rxg5+ Kd6 55. Rg6+ Kd5 56. Rg5+ Kd6 57. Rg6+ 1/2-1/2

[Event "Sparkassen Open A"]
[Site "Dortmund GER"]
[Date "2011.07.25"]
[Round "3.27"]
[White "Schuetzhold, Frank"]
[Black "Neuer, Thomas"]
[Result "1/2-1/2"]
[WhiteElo "1908"]
[BlackElo "2096"]
[WhiteFideId "4624980"]
[BlackFideId "24604089"]
[EventDate "2011.07.23"]

1. b3 e5 2. Bb2 Nc6 3. c4 Nf6 4. e3 d5 5. cxd5 Nxd5 6. a3 Bd6 7. Qc2 Qe7 8. Nc3
Nb6 9. Ne4 O-O 10. Nxd6 cxd6 11. Nf3 Bg4 12. Be2 Rac8 13. Qd1 a5 14. O-O Be6 15.
d4 e4 16. Nd2 f5 17. g3 Qf7 18. Rc1 Ne7 19. Bc3 Ra8 20. Nc4 Bxc4 21. Bxc4 Nxc4
22. bxc4 Rfc8 23. Qb3 Qxc4 24. Qxb7 Qc7 25. Qb3+ d5 26. Bd2 Qa7 27. Rxc8+ Rxc8
28. Rb1 a4 29. Qb5 1/2-1/2

[Event "Sparkassen Open A"]
[Site "Dortmund GER"]
[Date "2011.07.25"]
[Round "3.29"]
[White "Fluechter, Gregor"]
[Black "Andersen, Knut"]
[Result "1-0"]
[WhiteElo "1832"]
[BlackElo "2093"]
[WhiteFideId "12903396"]
[BlackFideId "4672666"]
[EventDate "2011.07.23"]

1. e4 c5 2. Nf3 d6 3. d4 cxd4 4. Nxd4 Nf6 5. Nc3 e5 6. Nb3 Be7 7. Be3 O-O 8. Be2
Nc6 9. f3 Be6 10. Qd2 a5 11. O-O-O a4 12. Na1 Qa5 13. g4 Rfd8 14. h4 Rac8 15.
Kb1 Rd7 16. g5 Nh5 17. Nd5 Qxd2 18. Rxd2 Bxd5 19. exd5 Nb4 20. Bb5 Rdd8 21. Bxa4
f6 22. c3 Na6 23. Bc2 g6 24. Nb3 Rf8 25. Rf2 fxg5 26. hxg5 Rf7 27. Nd2 Nc5 28.
Rg1 Nf4 29. Bxf4 Rxf4 30. Rh2 Kg7 31. Rh3 b5 32. Ne4 Nd7 33. Rgh1 Rh8 34. Rg3
Nb6 35. Bb3 Rf7 36. Rf1 Nc4 37. Bxc4 bxc4 38. Rg4 Rc8 39. Nd2 Rc5 40. Nxc4 Rxd5
41. Kc2 Rc5 42. Ne3 Rf4 43. b4 Rb5 44. a4 Rb7 45. Rxf4 exf4 46. Nc4 Rc7 47. Kb3
Bxg5 48. Nxd6 Rd7 49. Ne4 Bd8 50. Nc5 Re7 51. Rd1 Bb6 52. Ne4 h5 53. a5 Be3 54.
b5 Kh6 55. Nf6 Rf7 56. Nd5 Rf5 57. b6 h4 58. a6 Bxb6 59. Nxb6 Rb5+ 60. Ka4 Rxb6
61. Ka5 Rb3 62. Rc1 h3 63. a7 h2 64. Ka4 Rxc3 65. a8=Q Rxc1 66. Qh8+ Kg5 67.
Qxh2 Rc5 68. Qg1+ 1-0

[Event "Sparkassen Open A"]
[Site "Dortmund GER"]
[Date "2011.07.25"]
[Round "3.30"]
[White "Albers, Damian"]
[Black "Simanowski, Mio"]
[Result "1-0"]
[WhiteElo "2091"]
[BlackElo "1833"]
[WhiteFideId "4695186"]
[BlackFideId "24687154"]
[EventDate "2011.07.23"]

1. e4 e5 2. f4 exf4 3. Bc4 d5 4. Bxd5 Nf6 5. Nc3 c6 6. Bb3 Bc5 7. Nf3 Bg4 8. e5
Nh5 9. Ne4 Bxf3 10. Qxf3 Qh4+ 11. g3 Qe7 12. Qxh5 fxg3 13. Qxf7+ Qxf7 14. Bxf7+
Kxf7 15. Nxc5 b6 16. O-O+ Ke7 17. Ne4 gxh2+ 18. Kxh2 c5 19. d3 h6 20. Bf4 Nc6
21. Nd6 Ke6 22. c3 Rhf8 23. Bg3 Nxe5 24. Rxf8 Rxf8 25. Re1 Kxd6 26. d4 cxd4 27.
cxd4 Rc8 28. dxe5+ Ke6 29. Re2 g5 30. Be1 Re8 31. Bc3 h5 32. Rf2 Rg8 33. Rf6+
Ke7 34. Bb4+ Ke8 35. e6 a5 36. Ba3 b5 37. Bc5 1-0

[Event "Sparkassen Open A"]
[Site "Dortmund GER"]
[Date "2011.07.25"]
[Round "3.36"]
[White "Boehm, Juergen2"]
[Black "Ehrlacher, Markus"]
[Result "1-0"]
[WhiteElo "2220"]
[BlackElo "1928"]
[WhiteFideId "4606434"]
[BlackFideId "4699696"]
[EventDate "2011.07.23"]

1. d4 e6 2. e4 d5 3. Nc3 dxe4 4. Nxe4 Nd7 5. Nf3 Ngf6 6. Bd3 c5 7. O-O Nxe4 8.
Bxe4 Nf6 9. Bg5 cxd4 10. Nxd4 Be7 11. Bd3 O-O 12. c3 a6 13. Qe2 Qc7 14. Rfe1 Re8
15. Nf3 Bd7 16. Ne5 Rad8 17. Bxf6 Bxf6 18. Bxh7+ Kxh7 19. Qh5+ Kg8 20. Qxf7+ Kh8
21. Re3 Bg5 22. Rh3+ Bh6 23. Rxh6+ gxh6 24. Ng6# 1-0

[Event "Sparkassen Open A"]
[Site "Dortmund GER"]
[Date "2011.07.25"]
[Round "3.37"]
[White "Kuznetsov, Mark"]
[Black "Henkemeier, Michael"]
[Result "1/2-1/2"]
[WhiteElo "2184"]
[BlackElo "1917"]
[WhiteFideId "24648019"]
[BlackFideId "24611379"]
[EventDate "2011.07.23"]

1. d4 c6 2. Nf3 Nf6 3. c4 d5 4. Nc3 dxc4 5. e4 b5 6. a3 e6 7. Bg5 Be7 8. Be2
Nbd7 9. Qc2 Bb7 10. e5 Nd5 11. Bxe7 Qxe7 12. Ne4 O-O 13. Nfg5 f5 14. exf6 N7xf6
15. Nxf6+ Nxf6 16. O-O h6 17. Nf3 c5 18. b3 Be4 19. Qa2 Nd5 20. Rac1 Nf4 21.
bxc4 cxd4 22. Qd2 e5 23. Kh1 d3 24. Bd1 Bb7 25. cxb5 e4 26. Ne1 Bd5 27. Qe3 Rad8
28. Rc3 Kh8 29. Nxd3 Nxg2 30. Kxg2 exd3+ 31. Kg1 Be4 32. Rc4 Rfe8 33. Bh5 Qe5
34. Rxe4 Qxe4 35. Bxe8 Rxe8 36. Qxe4 Rxe4 37. Rd1 Rd4 38. Kg2 d2 39. Kf1 Rd3 40.
Ke2 Rxa3 41. Rxd2 Rb3 42. Rd5 Kg8 1/2-1/2

[Event "Sparkassen Open A"]
[Site "Dortmund GER"]
[Date "2011.07.25"]
[Round "3.39"]
[White "Mazarov, Juergen"]
[Black "Moeller, Jeremy"]
[Result "1-0"]
[WhiteElo "2172"]
[BlackElo "1863"]
[WhiteFideId "24617768"]
[BlackFideId "24692913"]
[EventDate "2011.07.23"]

1. e4 e5 2. Nf3 f5 3. Nxe5 Qf6 4. d4 d6 5. Nc4 fxe4 6. Nc3 Qg6 7. f3 Nf6 8. fxe4
Be7 9. Qd3 O-O 10. Be3 Nc6 11. O-O-O b5 12. Nxb5 Nxe4 13. Nd2 Nb4 14. Qb3+ Be6
15. Qxb4 a6 16. Nc3 c5 17. dxc5 Nxc3 18. Qxc3 Bf6 19. Bd4 Rac8 20. Bd3 Bxd4 21.
Qxd4 1-0

[Event "Sparkassen Open A"]
[Site "Dortmund GER"]
[Date "2011.07.25"]
[Round "3.41"]
[White "Deinert, Wolfgang"]
[Black "Peter, Sebastian"]
[Result "0-1"]
[WhiteElo "1843"]
[BlackElo "1974"]
[WhiteFideId "4685229"]
[BlackFideId "24643521"]
[EventDate "2011.07.23"]

1. e4 c5 2. Nf3 Nc6 3. d4 cxd4 4. Nxd4 e5 5. Nb5 d6 6. c4 Be7 7. N1c3 a6 8. Na3
Be6 9. Be2 Bg5 10. O-O Bxc1 11. Rxc1 Nf6 12. Nc2 O-O 13. Ne3 Nd4 14. b3 Rc8 15.
Bd3 b5 16. cxb5 axb5 17. Nxb5 Rxc1 18. Qxc1 Nxb5 19. Bxb5 Nxe4 20. Bd3 Qa8 21.
Bxe4 Qxe4 22. Qc2 Qxc2 23. Nxc2 Rc8 24. Nb4 d5 25. f3 Kf8 26. Rd1 d4 27. Kf2 Ke7
28. Rd2 Kd6 29. Ke2 g5 30. h3 Rc3 31. Rd3 Rxd3 32. Nxd3 f5 33. Nf2 Kd5 34. Kd2
e4 35. fxe4+ fxe4 36. Ke2 h5 37. g4 h4 38. Nd1 Kc5 39. Nb2 Kb4 40. Na4 Bd7 41.
Nb2 Bb5+ 42. Kd2 Bf1 0-1

[Event "Sparkassen Open A"]
[Site "Dortmund GER"]
[Date "2011.07.25"]
[Round "3.45"]
[White "Bosshard, Rolf"]
[Black "Chapman, Alan D"]
[Result "0-1"]
[WhiteElo "1842"]
[BlackElo "2043"]
[WhiteFideId "1310283"]
[BlackFideId "406937"]
[EventDate "2011.07.23"]

1. Nf3 d6 2. d4 Bg4 3. Nbd2 Nd7 4. h3 Bh5 5. e4 e5 6. Be2 Ngf6 7. c3 c6 8. O-O
Be7 9. Re1 O-O 10. Qc2 Qc7 11. Nf1 Bg6 12. Bd3 Nh5 13. Ne3 Rfe8 14. a4 Nf4 15.
Nf5 Nxd3 16. Qxd3 h6 17. N3h4 Bxh4 18. Nxh4 Bh7 19. Qg3 Kh8 20. Nf5 Bxf5 21.
exf5 exd4 22. Bf4 dxc3 23. bxc3 Qa5 24. Reb1 Nc5 25. f6 g5 26. Be3 Ne4 27. Qf3
Qxc3 28. Rd1 c5 29. Qh5 Qxf6 30. Ra3 Re6 31. a5 Rae8 32. Rb3 R8e7 33. a6 b6 34.
Rbd3 Kh7 35. Rf1 Qg6 36. Qd1 f5 37. Bc1 c4 38. Re3 f4 39. Rf3 Nc5 40. h4 Nd3 41.
Bd2 g4 42. Rxd3 Qxd3 43. Qxg4 Qxd2 44. Qf5+ Kg7 45. h5 Qd3 46. Qxf4 Qxf1+ 47.
Kh2 Qd3 48. Qg4+ Kh7 0-1

[Event "Sparkassen Open A"]
[Site "Dortmund GER"]
[Date "2011.07.25"]
[Round "3.46"]
[White "Schaller, Fabian"]
[Black "Morgenroth, Hubertus"]
[Result "0-1"]
[WhiteElo "1944"]
[BlackElo "1829"]
[WhiteFideId "12910422"]
[BlackFideId "12922269"]
[EventDate "2011.07.23"]

1. e4 e5 2. d4 exd4 3. Nf3 Nc6 4. Nxd4 Nf6 5. Nxc6 bxc6 6. e5 Nd5 7. c4 Bb4+ 8.
Bd2 Bxd2+ 9. Qxd2 Ne7 10. Bd3 O-O 11. Nc3 d5 12. exd6 cxd6 13. O-O Bf5 14. Rad1
Qc7 15. Bxf5 Nxf5 16. Ne4 Rad8 17. Qf4 Qd7 18. Nxd6 Nxd6 19. c5 Qf5 20. Qb4 Ne4
21. Rxd8 Rxd8 22. Qa5 Re8 23. Qc7 Qxc5 24. Qd7 Qe7 25. Qd3 Nf6 26. h3 Qe2 27.
Qc3 h6 28. Qxc6 Qxb2 29. a4 Qb6 30. Qc2 a5 31. Rb1 Qd4 32. Qc6 Qe5 33. Qb5 Nd5
34. Rb2 Nf4 35. f3 Qe1+ 36. Kh2 Qe5 37. Kh1 Qxb5 38. axb5 Rb8 39. b6 Ne6 40. Rb5
a4 41. b7 a3 42. Rb3 a2 43. Ra3 Rxb7 44. Rxa2 Rb1+ 45. Kh2 Re1 46. Kg3 g6 47.
Kf2 Re5 48. h4 Kg7 49. g4 Rc5 50. Rd2 Rc3 51. Rd5 Rc2+ 52. Kg3 Rc1 53. Rd3 g5
54. hxg5 hxg5 55. Rd5 Rc2 56. Ra5 Kg6 57. Ra6 Kg7 58. Ra5 f6 59. f4 Nxf4 60. Ra4
Rc3+ 61. Kf2 Nd3+ 62. Kg2 Ne5 63. Ra7+ Kg6 64. Ra8 Nxg4 65. Rg8+ Kf5 66. Ra8 Ne5
67. Ra6 Rc6 68. Ra5 Kg4 69. Ra2 f5 70. Ra5 Re6 71. Ra8 f4 72. Ra4 Nf3 73. Kf2
Re3 74. Ra2 Nd4 75. Ra4 Nf5 76. Rb4 Rc3 77. Ra4 Rc2+ 78. Kg1 Kg3 79. Kf1 g4 80.
Ra1 f3 81. Kg1 f2+ 82. Kh1 Kf3 83. Ra3+ Ne3 84. Rxe3+ Kxe3 85. Kg2 g3 0-1

[Event "Sparkassen Open A"]
[Site "Dortmund GER"]
[Date "2011.07.25"]
[Round "3.47"]
[White "Henkemeier, Markus"]
[Black "Niediek, Cedric"]
[Result "1-0"]
[WhiteElo "1895"]
[BlackElo "1820"]
[WhiteFideId "1271859"]
[BlackFideId "12936685"]
[EventDate "2011.07.23"]

1. e4 c5 2. Nc3 Nc6 3. g3 g6 4. Bg2 Bg7 5. d3 d6 6. Be3 e5 7. Qd2 Nge7 8. Bh6
O-O 9. h4 Nd4 10. O-O-O Bxh6 11. Qxh6 f5 12. h5 Rf7 13. hxg6 Nxg6 14. Nf3 Nxf3
15. Bxf3 Qf8 16. exf5 Qxh6+ 17. Rxh6 Rxf5 18. Bd5+ Kg7 19. Rdh1 Nf8 20. Ne4 Rb8
21. Rxd6 b6 22. Rd8 Bb7 23. Rxb8 Bxd5 24. Rf1 c4 25. Nd6 Rf3 26. Nxc4 Bxc4 27.
dxc4 e4 28. Kd2 Ne6 29. Rb7+ Kf6 30. Rxh7 e3+ 31. Ke1 Nd4 32. fxe3 Nxc2+ 33. Ke2
Rxf1 34. Kxf1 Nxe3+ 35. Ke2 Nxc4 36. b3 Nd6 37. Rh6+ Ke5 38. Rxd6 Kxd6 39. Kd3
Ke5 40. Kc4 a6 41. a4 Kd6 42. g4 Ke5 43. g5 Kf5 44. Kd5 Kxg5 45. Kc6 b5 46. axb5
axb5 47. Kxb5 Kf5 48. Kc6 Ke5 49. b4 Ke6 50. b5 Ke7 51. Kc7 Ke6 52. b6 Kd5 53.
b7 1-0

[Event "Sparkassen Open A"]
[Site "Dortmund GER"]
[Date "2011.07.25"]
[Round "3.48"]
[White "Butschek, Marc"]
[Black "Brehm, Stefan"]
[Result "1-0"]
[WhiteElo "1891"]
[BlackElo "1760"]
[WhiteFideId "4630904"]
[BlackFideId "1271613"]
[EventDate "2011.07.23"]

1. e4 c5 2. c3 d5 3. exd5 Qxd5 4. d4 cxd4 5. cxd4 Nc6 6. Nf3 Bg4 7. Nc3 Qa5 8.
Bb5 e6 9. O-O Nf6 10. Bf4 Be7 11. d5 exd5 12. Nxd5 Bd8 13. Qe2+ Kf8 14. Rfe1 Be6
15. Bd2 1-0

[Event "Sparkassen Open A"]
[Site "Dortmund GER"]
[Date "2011.07.26"]
[Round "4.2"]
[White "Jesse, Ingemars"]
[Black "Ciornei, Dragos"]
[Result "1/2-1/2"]
[WhiteElo "2270"]
[BlackElo "2182"]
[WhiteFideId "11602724"]
[BlackFideId "4619200"]
[EventDate "2011.07.23"]

1. Nf3 Nf6 2. g3 g6 3. Bg2 Bg7 4. O-O O-O 5. d4 d6 6. a4 a5 7. Nc3 c6 8. e4 Qc7
9. h3 e5 10. Re1 Na6 11. Be3 Re8 12. Qd2 Nb4 13. Rad1 Nd7 14. Kh2 Nb6 15. b3 Nd7
16. Re2 Kh8 17. Bh6 Bxh6 18. Qxh6 Nf8 19. Qh4 Kg7 20. Qg5 f6 21. Qd2 Be6 22. d5
cxd5 23. Nxd5 Bxd5 24. exd5 Rac8 25. c4 Nd7 26. h4 Nc5 27. Qc3 h5 28. Bh3 Rcd8
29. Rde1 f5 30. Ng5 Qe7 31. Re3 Qf6 32. Qd2 e4 33. Bf1 Re7 34. Nh3 Rh8 1/2-1/2